000
00245nam a2200109Ia 4500
008
190216s9999||||xx |||||||||||||| ||und||
100
_a
Ramabai Ranade
245
0
_a
Hindi-Ranade
260
_b
Cambridge Uty Press
650
_a
Hindi
942
_c
BK
999
_c
15303
_d
15303